All Borussia Dortmund Players of the 2000's - Statistics

General Stats
  • This quiz has been taken 34 times
  • The average score is 26 of 105
Answer Stats
Position Nation Answer Previous Team % Correct
GK Germany Roman Weidenfeller Kaiserslautern
93%
GK Germany Jens Lehmann AC Milan
78%
DEF Germany Mats Hummels Bayern Munchen
74%
MID Czech Republic Tomas Rosicky Sparta Prague
70%
DEF/MID Brazil Dede Atletico Mineiro
67%
DEF Germany Sebastian Kehl Freiburg
67%
DEF Germany Marcel Schmelzer 1. FC Magdeburg
63%
DEF Serbia Neven Subotic FSV Mainz 05
63%
DEF Germany Deniz Sahin Ahlener SV
59%
MID Poland Jakub Blaszczykowski Wisla Krakow
59%
MID Germany Lars Ricken Eintracht Dortmund
59%
MID Turkey Nuri Sahin RSV Meinerzhagen/Feyenoord
59%
ATT Czech Republic Jan Koller RSC Anderlecht
56%
ATT Egypt Mohamed Zidan Hamburger
56%
ATT Switzerland Alexander Frei Stade Rennes
52%
DEF Germany Christoph Metzelder Preussen Munster
44%
DEF Brazil Felipe Santana Figueirense
44%
DEF Germany Malte Metzelder Preussen Munster
44%
MID Brazil Evanilson Cruzeiro
41%
MID Croatia Mladen Petric Basel
41%
MID/ATT Ghana Otto Addo Hannover 96
41%
DEF Croatia Robert Kovac Juventus
41%
MID South Africa Steven Pienaar Ajax
41%
DEF Germany Jurgen Kohler Juventus
37%
ATT Brazil Marcio Amoroso Parma
37%
ATT Paraguay Nelson Valdez Werder Bremen
37%
DEF Germany Christian Worns PSG
33%
ATT Argentina Diego Klimowicz Wolfsburg
33%
ATT Poland Ebi Smolarek Feyenoord
33%
ATT Brazil Ewerthon Corinthians
33%
MID Germany Florian Kringe Sportfreunde Siegen
33%
MID Hungary Tamas Hajnal Karlsruher
33%
MID Ghana Kevin-Prince Boateng Tottenham Hotspurs
30%
DEF Germany Patrick Owomoyela Werder Bremen
30%
DEF Switzerland Philipp Degen Basel
30%
MID Brazil Tinga Internacional
30%
GK Germany Bernd Meyer LR Ahlen
26%
MID Germany Christian Nerlinger Bayern Munchen
26%
ATT South Africa Delron Buckley Arminia Bielefeld
26%
ATT Germany Giuseppe Reina Arminia Bielefeld
26%
MID Denmark Niclas Jensen Manchester City
26%
DEF Germany Stefan Reuter Juventus
26%
MID NIgeria Sunday Oliseh Juventus
26%
DEF South Korea Young Pyo-Lee Tottenham Hotspurs
26%
ATT The Netherlands Cedric Van der Gun ADO Den Haag
22%
ATT Germany David Odonkor Bunder SV
22%
ATT Germany Fredi Bobic Stuttgart
22%
MID Germany Jorg Heinrich Fiorentina
22%
MID Germany Marc-Andrè Kruska Vfb Rauxel
22%
GK Germany Marc Ziegler Arminia Bielefeld
22%
DEF Denmark Andre Bergdolmo Ajax
19%
DEF Montenegro Antonio Rukavina Partizan Belgrade
19%
GK The Netherlands Dennis Gentenaar Nec Njmegen
19%
MID Germany Giovanni Federico Karlsruher
19%
DEF Germany Martin Amedick Eintracht Braunschweig
19%
ATT Ghana Matthew Amoah Vitesse
19%
MID Serbia (Yugoslavia) Miroslav Stevic Munchen 1860
19%
ATT Nigeria Victor Ikpeba AS Monaco
19%
MID Brazil Flavio Conceicao Real Madrid
15%
GK France Guillaume Warmuz Arsenal
15%
MID France Guy Demel Arsenal
15%
ATT Germany Heiko Herrlich Borussia Monchengladbach
15%
ATT Norway Jan Sorensen Rosenborg
15%
MID Brazil Leandro Atletico Mineiro
15%
DEF/MID Germany Markus Brzenska BV Lunen
15%
MID Turkey Nizamettin Caliskan SF Geweke
15%
MID Poland/Germany Sebastian Tyrala BV Bad Sassendorf
15%
DEF Germany Uwe Hunemeier FC Gutersloh
15%
DEF France Ahmed Madouni Montpeiller
11%
DEF Argentina Juan Fernandez Estudiantes de la Plata
11%
GK Germany Philipp Laux SSV Ulm 1846
11%
MID/ATT Germany Sahr Senesie Tasmania Neukolln/Hoffenheim
11%
MID Bosnia Sead Kapetanovic Wolfsburg
11%
DEF The Netherlands Alfred Nijhuis Urawa Red Diamonds
7%
ATT Ghana Bashiru Gambo King Feisals Babies FC
7%
ATT Serbia Bayram Sadrijaj TSG Thannhausen
7%
ATT USA Conor Casey University of Portland
7%
MID Bosnia Damir Vrancic Mainz 05
7%
DEF/ATT Cameroon Franck Patrick Njambe Union Douala
7%
ATT Turkey Mahir Saglik Padeborn 07
7%
ATT Germany Mehmet Akgun Arminia Bielefeld
7%
MID/ATT Germany Salvatore Gambino Westhofen
7%
GK Germany Wolfgang de Beer MSV Duisburg
7%
MID Turkey Yasin Oztekin Alemannia Scharnhorst
7%
GK Germany Christian Beer Rot-Weiss Erfurt
4%
ATT Germany Christopher Kullmann 1. FC Magdeburg
4%
MID Germany Daniel Gordon Bochum
4%
ATT Germany Christopher Nothe Bochum
4%
ATT Germany Emmanuel Krontiris Tennis Borussia Berlin
4%
DEF Germany Florian Thorwart SC Dorstfeld
4%
MID Germany Francis Bugri Hessen Kassel
4%
GK Germany Marcel Hotteke Rot-Weiss Ahlen
4%
GK Germany Michael Ratajczak Schalke 04
4%
DEF Germany Nico Hillenbrand SC Karlsruher
4%
DEF Germany Patrick Kohlmann Eintracht Dortmund
4%
DEF Germany Sascha Rammel Westfalia Wickende
4%
ATT Brazil Thiago Uniao Sao Joao
4%
GK Germany Alexander Bade Padeborn 07
0%
DEF Germany Bjorn Mehnert LR Ahlen
0%
MID Germany Christian Eggert Rot-Weiss Essen
0%
DEF Germany David Vrzogic Grun-Weiss Wuppertal
0%
DEF Germany Jorg Sauerland SC Aplerbeck
0%
DEF Germany Marc Heitmeier SG Lutgendortmund
0%
GK Germany Matthias Kleinsteiber Rot-Weiss Erfurt
0%
MID Germany Timo Achenbach SG Wattenscheid 09
0%
No matching quizzes found
Score Distribution
Percent of People with Each Score
Percentile by Number Answered
Your Score History
You have not taken this quiz